[Event "45th Capablanca Mem Open"]
[Site "Havana CUB"]
[Date "2010.06.18"]
[Round "8"]
[White "Quesada Perez,Y"]
[Black "Sanchez Alvarez,R"]
[Result "1-0"]
[WhiteElo "2582"]
[BlackElo "2330"]
[EventDate "2010.06.10"]

1. e4 c5 2. Nf3 a6 3. c4 e6 4. Nc3 Qc7 5. d4 cxd4 6. Nxd4 Nf6 7. Be2 Nc6 8.
O-O Nxd4 9. Qxd4 Bc5 10. Qd3 h5 11. h3 Qe5 12. Be3 g5 13. Bxc5 Qxc5 14. Na4
Qe5 15. Qc3 Qxc3 16. Nxc3 d6 17. Rad1 Ke7 18. Rd2 b6 19. Rfd1 Ne8 20. e5
dxe5 21. Rd8 Rg8 22. Bf3 Rb8 23. R1d7+ Bxd7 24. Rxb8 f5 25. Rxb6 g4 26.
hxg4 hxg4 27. Bc6 Bc8 28. Rb8 Nc7 29. Bb7 Kd7 30. Na4 Rd8 1-0

[Event "45th Capablanca Mem Open"]
[Site "Havana CUB"]
[Date "2010.06.18"]
[Round "8"]
[White "Fernandez Cardoso,A"]
[Black "Figueredo Losada,L"]
[Result "1-0"]
[WhiteElo "2416"]
[BlackElo "2335"]
[EventDate "2010.06.10"]

1. e4 c5 2. Nf3 e6 3. d4 cxd4 4. Nxd4 a6 5. Nc3 Qc7 6. f4 b5 7. Bd3 Nc6 8.
Be3 Nxd4 9. Bxd4 Qxf4 10. Rf1 Qh4+ 11. g3 Qe7 12. e5 Bb7 13. Be4 Bc6 14.
Qf3 Rc8 15. Bxc6 dxc6 16. Ne4 Qb7 17. O-O-O Nh6 18. Nd6+ Bxd6 19. exd6 f5
20. Qh5+ Kf8 21. d7 1-0

[Event "45th Capablanca Mem Open"]
[Site "Havana CUB"]
[Date "2010.06.18"]
[Round "8"]
[White "Alarcon Casellas,Rol"]
[Black "Fuentes Dominguez,F"]
[Result "1-0"]
[WhiteElo "2410"]
[BlackElo "2253"]
[EventDate "2010.06.10"]

1. e4 c5 2. Nf3 a6 3. c4 Nc6 4. d4 cxd4 5. Nxd4 Nf6 6. Nc3 d6 7. Be2 g6 8.
O-O Bg7 9. Be3 O-O 10. Rc1 Nxd4 11. Bxd4 Be6 12. b3 Rb8 13. f3 Qa5 14. Rb1
Rfc8 15. Qd2 Nd7 16. Bxg7 Kxg7 17. f4 f6 18. Kh1 b5 19. f5 gxf5 20. exf5
Bg8 21. Rf3 Kh8 22. Rg3 Bf7 23. b4 Qd8 24. cxb5 axb5 25. Nxb5 Qb6 26. a4
Ne5 27. a5 Qc6 28. Nd4 Qe4 29. Re1 Qb7 30. b5 Bd5 31. Bf1 Rg8 32. Ree3 Ng4
33. Ra3 Qc8 34. h3 Ne5 35. Rxg8+ Qxg8 36. Kh2 Be4 37. Rg3 Qd5 38. Qh6 Rg8
39. Ne6 Qa8 40. Rg7 Bxf5 41. Rxe7 Bg6 42. Rxh7+ 1-0

[Event "45th Capablanca Mem Open"]
[Site "Havana CUB"]
[Date "2010.06.18"]
[Round "8"]
[White "Aguero Jimenez,L"]
[Black "Ordaz Valdes,L"]
[Result "0-1"]
[WhiteElo "2409"]
[BlackElo "2307"]
[EventDate "2010.06.10"]

1. d4 d5 2. c4 e6 3. Nf3 Nf6 4. g3 dxc4 5. Bg2 Nc6 6. Qa4 Bb4+ 7. Bd2 Nd5
8. Bxb4 Ndxb4 9. O-O a6 10. Nc3 Rb8 11. Ne5 O-O 12. Nxc6 Nxc6 13. Bxc6 bxc6
14. Qxc4 Qd6 15. a3 Rxb2 16. Na4 Rb5 17. f4 Qd5 18. Rfc1 Qh5 19. Nc5 Rd8
20. Ra2 Qd5 21. Rd2 f6 22. e4 Qxc4 23. Rxc4 e5 24. a4 Rb1+ 25. Kg2 Kf8 26.
h3 exd4 27. f5 Ke7 28. Rcxd4 Rxd4 29. Rxd4 Rc1 30. Nd3 Rd1 31. Ne5 Rxd4 32.
Nxc6+ Kd6 33. Nxd4 Ke5 34. Ne6 Kxe4 35. g4 Ke3 36. Kg3 Kd3 37. Kf4 Kc4 38.
h4 0-1

[Event "45th Capablanca Mem Open"]
[Site "Havana CUB"]
[Date "2010.06.18"]
[Round "8"]
[White "Morales Romero,R"]
[Black "Olivera Medrano,J"]
[Result "0-1"]
[WhiteElo "2277"]
[BlackElo "2396"]
[EventDate "2010.06.10"]

1. d4 d5 2. c4 e6 3. Nc3 Be7 4. Nf3 Nf6 5. cxd5 exd5 6. Bg5 Nbd7 7. e3 O-O
8. Qc2 Re8 9. Bd3 Nf8 10. h3 a6 11. O-O g6 12. Rfc1 Ne6 13. Bh4 Ng7 14. Qb3
c6 15. Bxf6 Bxf6 16. Na4 Qd6 17. Rc3 Rb8 18. Nc5 Ne6 19. Qc2 Re7 20. b4
Nxc5 21. Rxc5 Bd7 22. Rb1 h5 23. a4 g5 24. Nd2 g4 25. hxg4 hxg4 26. Nf1 Kg7
27. Bf5 Rh8 28. Bxd7 Rxd7 29. b5 axb5 30. axb5 Rc8 31. Rc1 Rdc7 32. g3 Qe6
33. Qd1 Be7 34. R5c3 f5 35. bxc6 bxc6 36. Qa4 Qh6 37. Nd2 Qh3 38. f4 gxf3
39. Nxf3 Qxg3+ 0-1

[Event "45th Capablanca Mem Open"]
[Site "Havana CUB"]
[Date "2010.06.18"]
[Round "8"]
[White "Fernandez Hernandez,A"]
[Black "Leyva Rivera,Y"]
[Result "0-1"]
[WhiteElo "2303"]
[BlackElo "2384"]
[EventDate "2010.06.10"]

1. d4 d5 2. Nf3 Nf6 3. e3 c6 4. Bd3 Bg4 5. Nbd2 Nbd7 6. h3 Bh5 7. c4 e6 8.
Qb3 Qb6 9. O-O Be7 10. Qc2 Qc7 11. b3 O-O 12. Bb2 Bg6 13. Bxg6 hxg6 14. a3
Rfc8 15. Rac1 c5 16. Qb1 dxc4 17. Nxc4 b5 18. Nce5 Qb7 19. dxc5 Nxe5 20.
Nxe5 Bxc5 21. b4 Be7 22. Rfd1 a6 23. Rd2 Rxc1+ 24. Qxc1 Rc8 25. Rc2 Rxc2
26. Qxc2 Nd5 27. Bd4 Bd6 28. Nd3 Ne7 29. Be5 Bxe5 30. Nxe5 g5 31. Qc5 f6
32. Nd3 Kf7 33. Qd6 Qc6 34. Qd8 Qc3 35. Qd6 Qxa3 36. Nc5 Qxb4 37. Qxe6+ Kf8
38. Nxa6 Qe1+ 39. Kh2 Qxf2 40. Nc7 Qf5 41. Qd6 Kf7 42. Kg1 Qe4 43. Qd7
Qxe3+ 44. Kh2 Qf4+ 45. Kg1 Qc1+ 46. Kh2 Qc6 47. Qxc6 Nxc6 48. Nxb5 Ke6 49.
Kg3 Ke5 50. h4 Nd4 51. Nxd4 gxh4+ 52. Kxh4 Kxd4 53. Kh5 g5 54. Kg4 Ke4 55.
g3 Ke3 56. Kf5 Kf3 57. Kxf6 g4 0-1

[Event "45th Capablanca Mem Open"]
[Site "Havana CUB"]
[Date "2010.06.18"]
[Round "8"]
[White "Rodriguez Garcia,V"]
[Black "Castellanos Sanchez,C"]
[Result "1/2-1/2"]
[WhiteElo "2377"]
[BlackElo "2299"]
[EventDate "2010.06.10"]

1. e4 c5 2. Nf3 d6 3. c3 Nf6 4. Be2 g6 5. O-O Bg7 6. Bb5+ Bd7 7. Bxd7+
Nbxd7 8. Re1 O-O 9. d4 e5 10. dxe5 Nxe5 11. Nxe5 dxe5 12. Qxd8 Raxd8 13.
Bg5 Rd3 14. Na3 h6 15. Bxf6 Bxf6 16. Rad1 Rfd8 17. Rxd3 Rxd3 18. Kf1 Kf8
19. Ke2 Rd6 20. Rd1 Rxd1 21. Kxd1 Ke7 22. Kc2 Kd7 23. c4 Bh4 1/2-1/2

[Event "45th Capablanca Mem Open"]
[Site "Havana CUB"]
[Date "2010.06.18"]
[Round "8"]
[White "Hernandez Fernandez,Ra"]
[Black "Cabrera Trujillo,J"]
[Result "0-1"]
[WhiteElo "2301"]
[BlackElo "2361"]
[EventDate "2010.06.10"]

1. e4 c5 2. Nf3 d6 3. d4 cxd4 4. Nxd4 Nf6 5. Nc3 g6 6. f4 Bg7 7. e5 Nh5 8.
Bb5+ Bd7 9. Qe2 a6 10. Bxd7+ Nxd7 11. Nf3 dxe5 12. fxe5 Qb6 13. Bd2 Qe6 14.
O-O-O Bxe5 15. Nxe5 Nxe5 16. Rhe1 f6 17. Qe4 O-O-O 18. Bh6 Qf5 19. Nd5 Rhe8
20. Qb4 Kb8 21. Qb6 Rxd5 22. Rxd5 Rc8 23. Qb3 g5 24. Red1 Nf4 25. Rd8 Rxd8
26. Rxd8+ Kc7 27. Rd1 Nxg2 28. Bf8 Nc6 29. a4 Nf4 30. Qc4 Qe6 31. Qxe6 Nxe6
32. Bh6 Ne5 33. h4 Nf7 34. hxg5 fxg5 35. Rh1 Nf4 36. Kd2 Kd6 37. Ke3 Ke5
38. c4 Kf5 39. Bf8 h5 40. Bxe7 h4 41. Kd4 h3 42. Bxg5 Ne6+ 43. Kd5 Nfxg5
44. c5 Ne4 45. b4 Nf4+ 46. Kc4 Nf2 47. Rh2 Ng4 48. Rh1 Ne5+ 49. Kd4 Nf3+
50. Kc4 Nd2+ 51. Kc3 Nf3 52. Kc4 Ke6 53. b5 a5 54. c6 b6 55. Rd1 Ng6 56. c7
Ne7 57. Kd3 h2 58. Rh1 Kd7 59. Ke3 Ne5 60. Ke4 Ng4 61. Kf3 Nf6 62. Rxh2
Kxc7 63. Rh1 Kd6 64. Rc1 Nd7 65. Ke2 Nc5 66. Rc4 Nd5 67. Kd2 Nb4 68. Rd4+
Kc7 69. Rc4 Kd6 70. Rd4+ Ke5 71. Rd8 Nxa4 72. Rd7 Nd5 73. Kc2 Nac3 74. Kb3
Nxb5 75. Rb7 Nd6 76. Rb8 Kd4 77. Ka4 Kc5 78. Ra8 b5+ 79. Kb3 Nc4 80. Rc8+
Kd4 81. Rb8 a4+ 82. Ka2 b4 83. Rh8 b3+ 84. Kb1 0-1

[Event "45th Capablanca Mem Open"]
[Site "Havana CUB"]
[Date "2010.06.18"]
[Round "8"]
[White "Vega,L"]
[Black "Ostos,J"]
[Result "1/2-1/2"]
[WhiteElo "2357"]
[BlackElo "2273"]
[EventDate "2010.06.10"]

1. c4 c5 2. Nf3 Nf6 3. g3 g6 4. Bg2 Bg7 5. O-O O-O 6. Nc3 d5 7. cxd5 Nxd5
8. Nxd5 Qxd5 9. d3 Nc6 10. Be3 Bd7 11. Nd4 Qd6 12. Nxc6 Bxc6 13. Bxc6 Qxc6
14. Rc1 Qe6 1/2-1/2

[Event "45th Capablanca Mem Open"]
[Site "Havana CUB"]
[Date "2010.06.18"]
[Round "8"]
[White "Arias,Le"]
[Black "Llaudy Pupo,L"]
[Result "1/2-1/2"]
[WhiteElo "2355"]
[BlackElo "2224"]
[EventDate "2010.06.10"]

1. d4 Nf6 2. Nf3 e6 3. g3 b6 4. Bg2 Bb7 5. O-O Be7 6. c4 O-O 7. Nc3 Ne4 8.
Qc2 Nxc3 9. Qxc3 c5 10. Rd1 cxd4 11. Qxd4 Qc8 12. Bf4 Rd8 1/2-1/2

[Event "45th Capablanca Mem Open"]
[Site "Havana CUB"]
[Date "2010.06.18"]
[Round "8"]
[White "Pazos Gambarrotti,P"]
[Black "Guerra Tulcan,L"]
[Result "1/2-1/2"]
[WhiteElo "2296"]
[BlackElo "2354"]
[EventDate "2010.06.10"]

1. d4 d5 2. c4 e6 3. Nc3 c6 4. Nf3 Nf6 5. cxd5 exd5 6. Bg5 Be7 7. e3 O-O 8.
Qc2 Nbd7 9. Bd3 Re8 10. O-O Nf8 11. Rab1 Ne4 12. Bxe7 Qxe7 13. b4 Bf5 14.
Nd2 Nxd2 15. Qxd2 Bxd3 16. Qxd3 Nd7 17. b5 Nb6 18. bxc6 bxc6 19. Qa6 c5 20.
dxc5 Qxc5 21. Nb5 Nc4 22. Nd4 Qd6 23. Qxd6 Nxd6 24. Rfd1 Rac8 25. g3 g6 26.
Nb5 Ne4 27. Rxd5 Rc2 28. Nd6 Nxd6 29. Rxd6 Rxa2 30. Rb7 Rf8 31. Rdd7 a5 32.
Ra7 h5 33. h4 Rc2 34. Rxa5 Rc6 35. Rad5 Rcc8 36. Kg2 Kg7 37. Rd4 Rc6 38.
Rd8 Rxd8 39. Rxd8 Kf6 40. Rd5 Ke6 41. Rd4 Rc2 42. g4 hxg4 43. Rxg4 Kf6 44.
Rf4+ Kg7 45. Rd4 Rc5 46. Kg3 Kf6 47. Rd6+ Kg7 48. e4 Ra5 49. f3 Rb5 50. Rd5
Rb1 51. h5 gxh5 52. Rxh5 Rg1+ 53. Kf4 Ra1 54. Rg5+ Kf6 55. Rb5 Ra3 56. Rb6+
Kg7 57. Kg4 Re3 58. Rb4 Kg6 59. Rb8 f6 60. Rb1 Kf7 61. Rg1 Ke6 62. Kf4 Ra3
63. Re1 Ra4 64. Rb1 Ra3 65. Kg4 Ra4 66. Rb6+ Kf7 67. Rd6 Kg6 68. Kf4 Rb4
69. Ke3 Rb3+ 70. Rd3 Rb1 71. f4 Re1+ 72. Kf3 Rf1+ 73. Kg4 Rg1+ 74. Rg3 Re1
75. Kf3+ Kf7 76. Rg2 Ke6 77. Ra2 Rf1+ 78. Ke3 Re1+ 79. Kd3 Rf1 80. Ra6+ Ke7
81. Ke3 Rb1 82. Ra7+ Kd6 83. Kf3 Rb4 84. f5 Rb3+ 85. Kf4 Rh3 86. Rf7 Rh4+
87. Ke3 Rh3+ 88. Kd4 Rh6 89. Ke3 Rh3+ 90. Kf4 Rh4+ 91. Kf3 Rh3+ 92. Kg4 Rh6
93. Kg3 Ke5 94. Re7+ Kd4 95. Re6 Rh1 96. Kg4 Rg1+ 97. Kh5 Ke3 98. Kh6 Kf4
99. Rxf6 Kxe4 100. Rf8 Ke5 101. f6 Ke6 1/2-1/2

[Event "45th Capablanca Mem Open"]
[Site "Havana CUB"]
[Date "2010.06.18"]
[Round "8"]
[White "Alonso Bouza,Julio"]
[Black "Llorente Pupo, Ramon"]
[Result "1-0"]
[WhiteElo "2268"]
[BlackElo "2338"]
[EventDate "2010.06.10"]

1. e4 e5 2. Nf3 Nc6 3. Bb5 a6 4. Ba4 Nf6 5. O-O b5 6. Bb3 Bc5 7. c3 d6 8.
d4 Bb6 9. a4 Rb8 10. axb5 axb5 11. Qd3 O-O 12. Bg5 exd4 13. cxd4 h6 14. Bh4
g5 15. e5 gxh4 16. Qg6+ Kh8 17. Qxh6+ Nh7 18. Bc2 f5 19. exf6 Rf7 20. Ng5
Qf8 21. Nxf7+ Qxf7 22. Bg6 1-0

[Event "45th Capablanca Mem Open"]
[Site "Havana CUB"]
[Date "2010.06.18"]
[Round "8"]
[White "Campos Vila,M"]
[Black "Mena Crespo,C"]
[Result "1/2-1/2"]
[WhiteElo "2178"]
[BlackElo "2337"]
[EventDate "2010.06.10"]

1. e4 c5 2. Nf3 d6 3. d4 cxd4 4. Nxd4 Nf6 5. Nc3 a6 6. Bg5 e6 7. f4 Nbd7 8.
Qf3 Qc7 9. O-O-O b5 10. Bd3 Be7 11. Rhe1 O-O 12. a3 h6 13. Bh4 Bb7 1/2-1/2

[Event "45th Capablanca Mem Open"]
[Site "Havana CUB"]
[Date "2010.06.18"]
[Round "8"]
[White "Cueto Rodriguez,Y"]
[Black "Pina Vega,S"]
[Result "1/2-1/2"]
[WhiteElo "2134"]
[BlackElo "2336"]
[EventDate "2010.06.10"]

1. e4 c5 2. d3 Nc6 3. f4 d6 4. Nf3 Bg4 5. Be2 Bxf3 6. Bxf3 e6 7. O-O Be7 8.
c3 Nf6 9. Na3 O-O 10. Nc2 d5 1/2-1/2

[Event "45th Capablanca Mem Open"]
[Site "Havana CUB"]
[Date "2010.06.18"]
[Round "8"]
[White "Diaz Hernandez,H"]
[Black "Lemes Rosales,Lazaro"]
[Result "1-0"]
[WhiteElo "2335"]
[BlackElo "2214"]
[EventDate "2010.06.10"]

1. e4 e5 2. Nf3 Nc6 3. Bb5 a6 4. Ba4 Nf6 5. d4 exd4 6. O-O Be7 7. e5 Ne4 8.
Nxd4 Nxd4 9. Qxd4 Nc5 10. Qg4 Nxa4 11. Qxa4 O-O 12. Bf4 Kh8 13. Nc3 d5 14.
exd6 Bxd6 15. Rad1 Qf6 16. Bxd6 cxd6 17. Qb4 Be6 18. Rxd6 b5 19. Rxa6 Rab8
20. Rb6 Qf5 21. Rxb5 1-0

[Event "45th Capablanca Mem Open"]
[Site "Havana CUB"]
[Date "2010.06.18"]
[Round "8"]
[White "Linares Napoles,O"]
[Black "Guerrero,An"]
[Result "0-1"]
[WhiteElo "2322"]
[BlackElo "2164"]
[EventDate "2010.06.10"]

1. Nf3 g6 2. d4 Nf6 3. c4 Bg7 4. g3 O-O 5. Bg2 d6 6. O-O c6 7. Nc3 Qa5 8.
Qc2 Qh5 9. Re1 e5 10. dxe5 dxe5 11. e4 Na6 12. a3 Nc7 13. Be3 Re8 14. Qd3
Bg4 15. Nh4 Rad8 16. Qf1 Bh6 17. h3 Bc8 18. Bf3 Bxe3 19. Bxh5 Bd2 20. Be2
Bxe1 21. Rxe1 Ne6 22. Rd1 Rxd1 23. Bxd1 Ng5 24. Qd3 Bxh3 25. Nf3 Ne6 26.
Nxe5 Rd8 27. Qf3 Kg7 28. g4 Ng5 29. Qe3 Ngxe4 30. Qxh3 Nxc3 31. Qxc3 Rxd1+
32. Kg2 Ne4 33. Qf3 0-1

[Event "45th Capablanca Mem Open"]
[Site "Havana CUB"]
[Date "2010.06.18"]
[Round "8"]
[White "Frometa Castillo,Z"]
[Black "Pedersen,F"]
[Result "1/2-1/2"]
[WhiteElo "2109"]
[BlackElo "2315"]
[EventDate "2010.06.10"]

1. d4 d5 2. Bf4 c5 3. e3 Nc6 4. c3 Qb6 5. b3 Nf6 6. Bd3 Bg4 7. f3 Bd7 8.
Ne2 Nh5 9. a4 Nxf4 10. Nxf4 e6 11. Bb5 cxd4 12. exd4 a6 13. Bxc6 bxc6 14.
Nd3 Rb8 15. Nd2 c5 16. dxc5 Bxc5 17. b4 Be7 18. Nb3 Bh4+ 19. g3 Bf6 20. Qd2
O-O 21. Ndc5 Rfd8 22. Rc1 e5 23. Nxd7 Rxd7 24. Nc5 Rd6 25. a5 Qd8 26. Qe2
e4 27. fxe4 dxe4 28. O-O e3 29. Ne4 1/2-1/2

[Event "45th Capablanca Mem Open"]
[Site "Havana CUB"]
[Date "2010.06.18"]
[Round "8"]
[White "Boada,W"]
[Black "Quesada Vera,L"]
[Result "0-1"]
[WhiteElo "2266"]
[BlackElo "2308"]
[EventDate "2010.06.10"]

1. d4 Nf6 2. c4 c5 3. d5 b5 4. cxb5 a6 5. b6 e6 6. Nc3 Nxd5 7. Nxd5 exd5 8.
Qxd5 Nc6 9. e4 Be7 10. Bc4 O-O 11. Nf3 Rb8 12. O-O Rxb6 13. Qh5 d6 14. Ng5
Bxg5 15. Bxg5 Qe8 16. Rae1 Be6 17. Bh6 gxh6 18. Qxh6 f6 19. Re3 Rf7 20.
Rg3+ Kh8 21. Bd5 Nd4 22. Re3 Qg8 23. Bxe6 Nxe6 24. Rg3 Qf8 25. Qd2 Rg7 26.
Rxg7 Qxg7 27. f4 0-1

[Event "45th Capablanca Mem Open"]
[Site "Havana CUB"]
[Date "2010.06.18"]
[Round "8"]
[White "Perez Perez,O"]
[Black "Llorente,J"]
[Result "1-0"]
[WhiteElo "2318"]
[BlackElo "2295"]
[EventDate "2010.06.10"]

1. e4 e6 2. Qe2 c5 3. Nf3 Nc6 4. g3 Nf6 5. Bg2 d5 6. d3 Be7 7. O-O b6 8. e5
Nd7 9. c4 d4 10. h4 h6 11. Re1 Bb7 12. Na3 a6 13. Nc2 Qc7 14. a3 O-O-O 15.
b4 Rdg8 16. b5 Ncb8 17. bxa6 Nxa6 18. a4 g5 19. h5 Ndb8 20. Na3 Nc6 21. Nb5
Qd8 22. Nh2 Nab4 23. Ng4 Rf8 24. Ba3 Na6 25. Reb1 Na5 26. Nd6+ Bxd6 27.
Rxb6 Bc7 28. Bxb7+ Nxb7 29. Rxa6 1-0

[Event "45th Capablanca Mem Open"]
[Site "Havana CUB"]
[Date "2010.06.18"]
[Round "8"]
[White "Flaquer,L"]
[Black "Lorenzana,W"]
[Result "1-0"]
[WhiteElo "2316"]
[BlackElo "2218"]
[EventDate "2010.06.10"]

1. e4 c5 2. Nf3 e6 3. d4 cxd4 4. Nxd4 a6 5. Nc3 Qc7 6. Bd3 Bc5 7. Nb3 Be7
8. O-O Nf6 9. f4 d6 10. a4 b6 11. e5 Nfd7 12. exd6 Bxd6 13. Ne4 Be7 14. f5
exf5 15. Bf4 Ne5 16. Nc3 Be6 17. Qe2 Nbd7 18. Rae1 Bd6 19. Bxa6 O-O 20. Nb5
Qb8 21. Nxd6 Qxd6 22. Rd1 Qc7 23. Bb5 f6 24. Nd4 Bf7 25. Nxf5 Be6 26. Nd4
Bf7 27. Nc6 Kh8 28. Kh1 Be6 29. h3 Rf7 30. b3 Raf8 31. Nd4 Bd5 32. c4 Ba8
33. Ne6 Qc8 34. Nxf8 Rxf8 35. Rd2 Nc6 36. Qe6 Nc5 37. Qxc8 Rxc8 38. Bxc6
Bxc6 39. Rfd1 g5 40. Rd8+ Rxd8 41. Rxd8+ Kg7 42. Rd6 Be8 43. Be3 Nxb3 44.
Rxb6 Na5 45. Bd4 Nxc4 46. Rxf6 Kg8 47. Ra6 Kf7 48. a5 Bb5 49. Rf6+ 1-0

[Event "45th Capablanca Mem Open"]
[Site "Havana CUB"]
[Date "2010.06.18"]
[Round "8"]
[White "Garcia Fuentes,S"]
[Black "Gil Suarez,J"]
[Result "1-0"]
[WhiteElo "2169"]
[BlackElo "1752"]
[EventDate "2010.06.10"]

1. e4 c5 2. Nf3 d6 3. d4 cxd4 4. Nxd4 Nf6 5. Nc3 a6 6. Bc4 e6 7. Bb3 Nbd7
8. Bg5 Nc5 9. Qe2 Be7 10. O-O-O Qc7 11. f4 h6 12. Bh4 b5 13. e5 dxe5 14.
fxe5 Nh7 15. Bxe7 Qxe7 16. Nc6 Qg5+ 17. Kb1 Bd7 18. Rxd7 Kxd7 19. Ne4 Nxe4
20. Qxe4 Qd2 21. Nd4 Rac8 22. Nf3 Qa5 23. Rd1+ Ke7 24. Qh4+ Ke8 25. Bxe6
fxe6 26. Qh5+ Ke7 27. Qg6 Rcg8 28. Nd4 Qb6 29. Nf5+ Kf8 30. Nd6 1-0

[Event "45th Capablanca Mem Open"]
[Site "Havana CUB"]
[Date "2010.06.18"]
[Round "8"]
[White "Corrales Jimenez,Z"]
[Black "Larrua Gonzalez,F"]
[Result "0-1"]
[WhiteElo "2166"]
[BlackElo "2310"]
[EventDate "2010.06.10"]

1. e4 c5 2. Nf3 d6 3. d4 cxd4 4. Nxd4 Nf6 5. Nc3 g6 6. Be3 Bg7 7. f3 O-O 8.
Qd2 Nc6 9. Bc4 Bd7 10. h4 Rc8 11. Bb3 Ne5 12. O-O-O h5 13. Kb1 Nc4 14. Bxc4
Rxc4 15. Nde2 b5 16. Bh6 b4 17. Bxg7 Kxg7 18. Nd5 Nxd5 19. Qxd5 Be6 20. Qd2
Qa5 21. b3 Rc5 22. Qd4+ Kg8 23. Rd2 Rfc8 24. Nf4 Qc7 25. Nxe6 fxe6 26. Rc1
a5 27. g4 Rf8 28. Rg1 Rf6 29. f4 e5 30. fxe5 Rxe5 31. gxh5 Rxh5 32. Rf2 Kf7
33. Rgf1 Re5 34. Qd2 Kg7 35. Qd3 Qc6 36. Rxf6 exf6 37. Rf4 Qc7 38. Rf2 Qc3
39. Rf4 d5 40. Rg4 Rxe4 41. Rxe4 Qxd3 42. cxd3 dxe4 43. dxe4 0-1

[Event "45th Capablanca Mem Open"]
[Site "Havana CUB"]
[Date "2010.06.18"]
[Round "8"]
[White "Mendez Fortes,E"]
[Black "Zavarce,Oscar Enrique"]
[Result "1-0"]
[WhiteElo "2310"]
[BlackElo "2124"]
[EventDate "2010.06.10"]

1. e4 c5 2. Nf3 e6 3. d4 cxd4 4. Nxd4 a6 5. Bd3 Nf6 6. c4 d6 7. O-O Qc7 8.
Nc3 g6 9. Qe2 Bg7 10. h3 O-O 11. Nf3 Nc6 12. Bf4 Nd7 13. Rac1 Nde5 14. Rfd1
b6 15. Bb1 Nxf3+ 16. Qxf3 Ne5 17. Qg3 Bb7 18. b3 Rfd8 19. Bg5 Re8 20. Be3
Rab8 21. f3 Ba8 22. Qf2 Rec8 23. Qd2 Bf8 24. f4 Nc6 25. Qe2 Qe7 26. Na4 Qc7
27. Qf2 b5 28. Nb6 Re8 29. e5 Bb7 30. exd6 Bxd6 31. c5 1-0

[Event "45th Capablanca Mem Open"]
[Site "Havana CUB"]
[Date "2010.06.18"]
[Round "8"]
[White "Romero Nunez,Wendy"]
[Black "Vigoa Apecheche,Yan"]
[Result "0-1"]
[WhiteElo "2125"]
[BlackElo "2302"]
[EventDate "2010.06.10"]

1. d4 Nf6 2. Nf3 g6 3. c4 Bg7 4. Nc3 O-O 5. e4 d6 6. Be2 e5 7. dxe5 dxe5 8.
Qxd8 Rxd8 9. Bg5 Re8 10. O-O-O Bg4 11. h3 Bxf3 12. Bxf3 h6 13. Be3 c6 14.
h4 h5 15. Bg5 Nbd7 16. Rd2 Nf8 17. Rhd1 Ne6 18. Be3 Reb8 19. g3 Bf8 20. Be2
Ng4 21. Bxg4 hxg4 22. f3 gxf3 23. Rf1 a5 24. Rxf3 Bc5 25. Bxc5 Nxc5 26.
Rdf2 Rd8 27. Kc2 Rd7 28. b3 Rad8 29. a3 Ne6 30. Ne2 b5 31. Kc3 Nc5 32. Re3
Rd4 33. Kc2 Rd2+ 34. Kc3 Nxe4+ 0-1

[Event "45th Capablanca Mem Open"]
[Site "Havana CUB"]
[Date "2010.06.18"]
[Round "8"]
[White "Infante,M"]
[Black "Fleites Marti,Y"]
[Result "1-0"]
[WhiteElo "2277"]
[BlackElo "2168"]
[EventDate "2010.06.10"]

1. d4 d5 2. c4 c6 3. Nf3 Nf6 4. Nc3 dxc4 5. a4 Bf5 6. Nh4 Bd7 7. g3 e6 8.
Bg2 a5 9. O-O Be7 10. Nf3 Na6 11. Ne5 O-O 12. Nxc4 Bb4 13. e4 Qe7 14. Bf4
Rfd8 15. Nb6 Ra7 16. Qb3 c5 17. d5 e5 18. Be3 Nc7 19. h3 Nh5 20. Qd1 Qd6
21. Nxd7 g6 22. Nxe5 Qxe5 23. Qc1 b6 24. g4 Nf6 25. Bf4 Qe8 26. Bg5 Qe5 27.
Ne2 h6 28. Bf4 Qe8 29. Ng3 b5 30. Bxh6 bxa4 31. Bg5 Ra6 32. Qf4 1-0

[Event "45th Capablanca Mem Open"]
[Site "Havana CUB"]
[Date "2010.06.18"]
[Round "8"]
[White "Rincon Gonzalez,Lu"]
[Black "Ramon Pita,V"]
[Result "0-1"]
[WhiteElo "1900"]
[BlackElo "2267"]
[EventDate "2010.06.10"]

1. e4 g6 2. d4 c6 3. Nc3 Bg7 4. Nf3 d6 5. h3 Nd7 6. Be2 e5 7. O-O Qc7 8.
Re1 Ne7 9. Bg5 h6 10. Be3 O-O 11. Qd2 Kh7 12. dxe5 dxe5 13. Rad1 b6 14. Qd6
Qxd6 15. Rxd6 Re8 16. b4 Nf8 17. a4 Be6 18. a5 Rab8 19. axb6 axb6 20. Na4
Nc8 21. Rd3 f5 22. Nd2 f4 0-1

[Event "45th Capablanca Mem Open"]
[Site "Havana CUB"]
[Date "2010.06.18"]
[Round "8"]
[White "Pulvett,D"]
[Black "Zepeda,S"]
[Result "1-0"]
[WhiteElo "2243"]
[BlackElo "2107"]
[EventDate "2010.06.10"]

1. e4 c5 2. Nf3 Nc6 3. d4 cxd4 4. Nxd4 Nf6 5. Nc3 d6 6. Bc4 Qb6 7. Nb3 e6
8. Bf4 Ne5 9. Be2 Be7 10. Be3 Qc7 11. f4 Nc6 12. O-O a6 13. a4 b6 14. Kh1
Bb7 15. Bf3 O-O 16. g4 Nb4 17. g5 Nd7 18. Bg2 Rfd8 19. Nd4 Nc5 20. f5 d5
21. g6 hxg6 22. fxg6 fxg6 23. Qg4 e5 24. Qxg6 Rf8 25. Ne6 Nxe6 26. Qxe6+
Kh8 27. exd5 Nxc2 28. Qh3+ Kg8 29. Be4 Bf6 30. Qh7+ Kf7 31. Rxf6+ 1-0

[Event "45th Capablanca Mem Open"]
[Site "Havana CUB"]
[Date "2010.06.18"]
[Round "8"]
[White "Cancio Bello Ayes,F"]
[Black "Zepeda,L"]
[Result "1-0"]
[WhiteElo "2075"]
[BlackElo "2152"]
[EventDate "2010.06.10"]

1. e4 c5 2. Nf3 d6 3. d4 cxd4 4. Nxd4 Nf6 5. Nc3 a6 6. h3 e6 7. g4 Nc6 8.
Bg2 Qc7 9. O-O Be7 10. Be3 O-O 11. Nde2 Ne5 12. b3 b5 13. f4 Nc6 14. a3 Bb7
15. Qe1 b4 16. axb4 Nxb4 17. Rc1 d5 18. e5 Nd7 19. Nd4 Rac8 20. Nce2 Nb8
21. f5 exf5 22. Nxf5 Bc5 23. Qf2 Nd7 24. Ned4 Qxe5 25. Rce1 Qf6 26. Qd2 Qb6
27. Kh1 Kh8 28. c3 Nc6 29. Nxc6 Bxe3 30. Rxe3 Bxc6 31. Nd6 Rb8 32. Nxf7+
Kg8 33. Re7 Nf6 34. Nh6+ gxh6 35. Qxh6 Rf7 36. Rxf7 Kxf7 37. Qxf6+ Kg8 38.
Qg5+ 1-0

[Event "45th Capablanca Mem Open"]
[Site "Havana CUB"]
[Date "2010.06.18"]
[Round "8"]
[White "Hernandez Moya,Y"]
[Black "Arribas Robaina,M"]
[Result "1/2-1/2"]
[WhiteElo "2181"]
[BlackElo "2326"]
[EventDate "2010.06.10"]

1. d4 Nf6 2. Nf3 d6 3. Bg5 Ne4 4. Bf4 c5 5. dxc5 Qa5+ 6. c3 Qxc5 7. e3 Nc6
8. Nbd2 Nxd2 9. Qxd2 g6 10. Be2 Bg7 11. e4 O-O 12. O-O Bg4 13. h3 Bxf3 14.
Bxf3 Ne5 15. Be2 Nc4 16. Bxc4 Qxc4 17. Rfe1 Rac8 18. Bh6 Rc5 19. Bxg7 Kxg7
20. Re3 b5 21. b3 Qe6 22. Qd4+ Qe5 23. Qxe5+ Rxe5 24. f4 Rc5 25. Rd1 Rfc8
26. Rdd3 Kf6 27. Kf2 Ke6 28. Ke2 R8c7 29. Kd2 a6 30. g4 g5 31. f5+ Ke5 32.
b4 Rc4 33. Rd5+ Kf6 34. e5+ dxe5 35. Rdxe5 Rxc3 36. Rxc3 Rxc3 37. Rxb5 Ra3
38. Rb6+ e6 39. fxe6 fxe6 40. Kc1 Rxa2 41. Kb1 Rh2 42. Rxa6 Rxh3 43. Kc2
Rg3 44. b5 Rxg4 45. Kc3 Rg1 46. Kc2 Re1 47. b6 Re5 48. Ra3 Rc5+ 49. Rc3 Rb5
50. Rb3 Rc5+ 1/2-1/2

[Event "45th Capablanca Mem Open"]
[Site "Havana CUB"]
[Date "2010.06.18"]
[Round "8"]
[White "Gonzalez Vega,A"]
[Black "Moncayo Romero,E"]
[Result "0-1"]
[WhiteElo "2291"]
[BlackElo "2122"]
[EventDate "2010.06.10"]

1. d4 Nf6 2. c4 g6 3. Nc3 Bg7 4. e4 d6 5. Be2 O-O 6. Nf3 e5 7. d5 Na6 8.
Nd2 Ne8 9. h4 f5 10. h5 f4 11. hxg6 hxg6 12. Bg4 Nf6 13. Bxc8 Qxc8 14. Nf3
Qg4 15. Bd2 Kf7 16. Rh4 Qxg2 17. Rh2 Qg4 18. Rh4 Qd7 19. Ng5+ Ke7 20. Ne6
Rh8 21. Rxh8 Rxh8 22. Qf3 Nc5 23. Nxg7 Rh3 24. Qg2 f3 25. Qf1 Nd3+ 26. Kd1
Rh1 27. Qxh1 Nxf2+ 28. Kc2 Nxh1 29. Rxh1 Qg4 0-1

[Event "45th Capablanca Mem Open"]
[Site "Havana CUB"]
[Date "2010.06.18"]
[Round "8"]
[White "Lebredo Zaragoitia,G"]
[Black "Espinosa Garcia,S"]
[Result "1/2-1/2"]
[WhiteElo "2262"]
[BlackElo "2134"]
[EventDate "2010.06.10"]

1. d4 Nf6 2. c4 g6 3. Nc3 Bg7 4. Nf3 O-O 5. Bg5 d6 6. e3 Na6 7. Be2 Qe8 8.
Nd2 h6 9. Bh4 e5 10. d5 Nh7 11. e4 f5 12. f3 Nf6 13. Bf2 f4 14. Qb3 Nd7 15.
Qa3 Rf7 16. b4 Bf8 17. Nb3 Rg7 18. Na5 g5 19. Nb5 Nf6 20. Qc3 c5 21. a3 Nd7
22. Nb3 b6 23. bxc5 bxc5 24. Na5 1/2-1/2